00000000nam 2200000zi 4500
0019.922185
003CaOODSP
00520250617163955
006m     o  d f      
007cr |n|||||||||
008230503e197502##oncado  ob   f000 0 eng d
040 |aCaOODSP|beng|erda|cCaOODSP
043 |an-cn---
0861 |aA58-4/510E-PDF
1001 |aVoisey, Peter W., |eauthor.
24510|aDevelopment of an instrumental test of apple sauce graininess / |cPeter W. Voisey, Willard P. Mohr.
264 1|aOttawa, Ontario : |bEngineering Research Service, Research Branch, Agriculture Canada, |cFebruary 1975.
300 |a1 online resource (29 pages) : |billustrations, charts, photographs.
336 |atext|btxt|2rdacontent
337 |acomputer|bc|2rdamedia
338 |aonline resource|bcr|2rdacarrier
4901 |aContribution ; |vno. 510
500 |a"Report number 7316-510."
504 |aIncludes bibliographical references (page 14-16).
520 |a"Instrumental techniques for measuring the textural properties of apple sauce were examined including the universal cell of the Texture Test System, a newly designed oriface extrusion cell, an electronic recording viscometer and the back extrusion cell of the Ottawa Texture Measuring System. It was concluded that extruding apple sauce through an oriface is not practical to measure graininess of the sauce"--Summary, page [1].
650 0|aApplesauce.
650 6|aCompote de pommes.
7101 |aCanada. |bAgriculture Canada. |bEngineering Research Service, |eissuing body.
830#0|aContribution (Canada. Agriculture Canada. Engineering Research Service)|vno. 510.|w(CaOODSP)9.921188
85640|qPDF|s19.60 MB|uhttps://publications.gc.ca/collections/collection_2023/aac-aafc/A58-4-510-eng.pdf